| 000 | 01153cam a22003251a 4500 | ||
|---|---|---|---|
| 001 | 17978588 | ||
| 003 | EG-ScBUE | ||
| 005 | 20220906100434.0 | ||
| 008 | 131129t2013 sz a f bc 001 0 eng d | ||
| 020 | _a9783906027319 (English edition : hd.bd.) | ||
| 040 |
_aDLC _beng _erda _cDLC _dEG-ScBUE |
||
| 082 | 0 | 4 |
_a720.284 _bWOR _222 |
| 245 | 0 | 4 |
_aThe working drawing : _bthe architect's tool / _cedited by Annette Spiro and David Ganzoni. |
| 264 | 1 |
_aZurich : _bPark Books AG., _c[2013] |
|
| 264 | 4 | _cc2013 | |
| 300 |
_a328 pages : _bcolor illustrations ; _c33 cm |
||
| 336 |
_2rdacontent _atext _btxt |
||
| 337 |
_2rdamedia _aunmediated _bn |
||
| 338 |
_2rdacarrier _avolume _bnc |
||
| 500 | _aIncludes appendix. | ||
| 504 | _aIncludes bibliographical references and index. | ||
| 650 | 7 |
_aArchitectural drawing _y21st century _vCatalogs. _937524 _2BUEsh |
|
| 650 | 7 |
_aArchitecture, Modern _y20th century _vCatalogs. _95919 _2BUEsh |
|
| 651 | _2BUEsh | ||
| 653 |
_bENGARC _cMarch2015 |
||
| 655 |
_vReading book _934232 |
||
| 700 | 1 |
_aSpiro, Annette, _d1957- _eeditor. _937525 |
|
| 700 | 1 |
_aGanzoni, David‏ _eeditor. _937526 |
|
| 942 |
_2ddc _k720.284 WOR _cBB |
||
| 999 |
_c19132 _d19104 |
||